000
00314nam a2200145Ia 4500
100
_a
Luck/David/ Rubin/R.S
942
_c
BK
654
_a
marketing
245
_a
Marketing research
260
_b
prentice hall
_a
New Delhi
_c
1987
082
_a
658.83028
_b
LUC
300
_a
683
546
_a
ENGLISH
999
_c
30791
_d
30791